| 000 | 01080nac a22004330a 4500 | ||
|---|---|---|---|
| 001 | PT54383 | ||
| 003 | AR-LpoUNG | ||
| 005 | 20210201005532.0 | ||
| 008 | 201001s1994||||sp |||||||||||||||||spa d | ||
| 020 |
_a8475836585 _c$28 |
||
| 040 |
_aAR-LpoUNG _bspa _eaacr |
||
| 041 | _aspa | ||
| 044 | _asp | ||
| 082 | 0 | _aR909 794mun-v1 | |
| 100 | 1 | _aRobinson, Francis | |
| 245 | 1 | 3 |
_aEl mundo islámico : _besplendor de una fe |
| 260 |
_aBarcelona : _bFolio, _c1994. |
||
| 300 |
_a129 p. : _bil., mapas, gráfs., fot. _3Impreso |
||
| 490 | 0 | _aAtlas culturales del mundo | |
| 650 | 4 | _aANALISIS HISTORICO | |
| 650 | 4 | _aARTE | |
| 650 | 4 | _aASPECTOS GEOGRAFICOS | |
| 650 | 4 | _aATLAS | |
| 650 | 4 | _aCIVILIZACION | |
| 650 | 4 | _aCULTURA | |
| 650 | 4 | _aFACTORES CULTURALES | |
| 650 | 4 | _aGUERRA | |
| 650 | 4 | _aHISTORIA | |
| 650 | 4 | _aHISTORIA POLITICA | |
| 650 | 4 | _aISLAM | |
| 650 | 4 | _aISLAMISMO | |
| 650 | 4 | _aMATERIAL DE REFERENCIA | |
| 650 | 4 | _aRELIGION | |
| 650 | 4 | _aSOCIEDAD | |
| 651 | 4 | _aMundial | |
| 700 | 1 | _aBrown, Peter | |
| 905 | _a54383 | ||
| 942 | _cLSALA | ||
| 999 |
_c50110 _d50110 |
||